Ont-ils déjà joué avec... Nicole Kidman ? - Statistiques

Statistiques générales
  • Ce quiz a été pris 8 fois
  • Le résultat moyen est 2 sur 10
Answers on the Grid
Answers color-coded by a green-red scale on the quiz's grid according to % correct below.
Shelley Duvall
Mathieu Amalric
Madonna
Helena Bonham Carter
Hugh Grant
Winona Ryder
Roberto Benigni
Toby Jones
Mark Wahlberg
James Franco
Maggie Smith
Penélope Cruz
Olivia Newton-John
Yvan Attal
Dustin Hoffman
Kirsten Dunst
Will Ferrell
Jason Bateman
Colin Firth
Anthony Hopkins
 
Statistiques - réponses
Réponse % Correct
Kirsten Dunst
57%
Dustin Hoffman
43%
Penélope Cruz
43%
Anthony Hopkins
14%
Colin Firth
14%
James Franco
14%
Shelley Duvall
14%
Yvan Attal
14%
Jason Bateman
0%
Will Ferrell
0%
Aucun quiz correspondant
Distribution des résultats
% des personnes avec chaque résultat
Percentile par nombre de réponses
Votre historique - résultats
Vous n’avez pas pris ce quiz